| 000 | 00697nam a22002297a 4500 | ||
|---|---|---|---|
| 005 | 20170124110110.0 | ||
| 010 | _aA-818632 | ||
| 020 |
_c00.00 _a8185569061 |
||
| 035 | _aA-818632 | ||
| 037 | _bCen Lib/Ret | ||
| 040 |
_aDPL _bEN |
||
| 082 |
_a910.45 _bBLI |
||
| 245 |
_aThe blinded eye : _cby Ziauddin Sardar...[et al.]. _b500 years of Christopher Columbus / |
||
| 260 |
_aGoa _bOther India Press _c1993 |
||
| 270 |
_bGoa _aMapusa _e403507 |
||
| 300 |
_a92p. _c20cm(Hb) |
||
| 500 | _aIncludes bibliographical references | ||
| 650 |
_aColumbus, Christopher _928893 |
||
| 650 |
_aExploration _928894 |
||
| 700 |
_aSardar, Ziauddin _928895 |
||
| 942 |
_2ddc _cEN _h910.45 _mBLI |
||
| 999 |
_c130318 _d130318 |
||